Protection of human rights: a critique with special reference to SC/STs, the girl child/women belonging to SC/STs, marginalised section and the minorities : proceedings of the national seminar held on 13 and 14 November 1998 at the Indian Social Institute (Record no. 389982)

000 -LEADER
fixed length control field 00710cam a22001577a 4500
008 - FIXED-LENGTH DATA ELEMENTS--GENERAL INFORMATION
fixed length control field 180718b1999 xxu||||| |||| 00| 0 eng d
020 ## - INTERNATIONAL STANDARD BOOK NUMBER
International Standard Book Number 8187218150
082 ## - DEWEY DECIMAL CLASSIFICATION NUMBER
Classification number C41x54 P17
100 ## - MAIN ENTRY--PERSONAL NAME
Personal name Pal, R.M.
245 ## - TITLE STATEMENT
Title Protection of human rights: a critique with special reference to SC/STs, the girl child/women belonging to SC/STs, marginalised section and the minorities : proceedings of the national seminar held on 13 and 14 November 1998 at the Indian Social Institute
Statement of responsibility, etc. by R.M. Pal
260 ## - PUBLICATION, DISTRIBUTION, ETC.
Place of publication, distribution, etc. New Delhi
Name of publisher, distributor, etc. Indian Social Institute
Date of publication, distribution, etc. 1999
300 ## - PHYSICAL DESCRIPTION
Extent 235p.
650 ## - SUBJECT ADDED ENTRY--TOPICAL TERM
Topical term or geographic name entry element Womenメs rights --India --Congre
650 ## - SUBJECT ADDED ENTRY--TOPICAL TERM
Topical term or geographic name entry element Childrenメs rights --India --Congresses
650 ## - SUBJECT ADDED ENTRY--TOPICAL TERM
Topical term or geographic name entry element Human rights --India --Congresses
Holdings
Withdrawn status Lost status Damaged status Not for loan Permanent Location Current Location Date acquired Full call number Barcode Date last seen Price effective from Koha item type
        Indian Institute of Public Administration Indian Institute of Public Administration 1999-07-28 C41x54 P17 74292 2018-07-21 2018-07-21 Book

Powered by Koha